Parabolic subgroups of algebraic groups and induction
Αποθηκεύτηκε σε:
| Κύριος συγγραφέας: | |
|---|---|
| Μορφή: | Βιβλίο |
| Γλώσσα: | English |
| Δημοσίευση: |
Providence, R.I., USA :
American Mathematical Society,
1986
|
| Σειρά: | Memoirs of the American Mathematical Society ;
; 347 |
| Θέματα: | |
| Ετικέτες: |
Προσθήκη ετικέτας
Δεν υπάρχουν, Καταχωρήστε ετικέτα πρώτοι!
|
MARC
| LEADER | 00000cam a2200000 i 4500 | ||
|---|---|---|---|
| 001 | 1/50562 | ||
| 008 | 941103s1986 eng d | ||
| 020 | |a 0821823485 | ||
| 035 | |l 10043910 | ||
| 035 | |a 1994 | ||
| 040 | |a GR-MY-UA |b gre |e aacr | ||
| 041 | 0 | |a eng | |
| 082 | 0 | |a 514.23 | |
| 100 | 1 | |a Vella, David C |d 1954- | |
| 245 | 1 | 0 | |a Parabolic subgroups of algebraic groups and induction / |c David C. Vella |
| 260 | |a Providence, R.I., USA : |b American Mathematical Society, |c 1986 | ||
| 300 | |a ix, 114 p.; |b ill.; |c 26 cm | ||
| 490 | 1 | |a Memoirs of the American Mathematical Society |v ; 347 | |
| 500 | |a "July 1986, volume 62, number 347 (first of 6 numbers)." | ||
| 504 | |a Bibliography: p. 113-114 | ||
| 650 | 0 | 0 | |a Homology theory. |
| 650 | 0 | 0 | |a Representations of groups. |
| 650 | 0 | 0 | |a Induction (Mathematics) |
| 830 | 0 | |a Memoirs of the American Mathematical Society ; |v ; 347 | |
| 852 | |a INST |b SAMOS |e 19941103 |h 514.23 VEL |p 005300009593 |q 005300009593 |t BK |y 0 | ||
| 909 | |a Σ |b 033625 | ||